Central Library OPAC University of Rajshahi

Politics and society in India / (Record no. 1991)

MARC details
000 -LEADER
fixed length control field 00857nam a2200253 a 4500
001 - CONTROL NUMBER
control field 1991
003 - CONTROL NUMBER IDENTIFIER
rucl marc code BD-RjUL
005 - DATE AND TIME OF LATEST TRANSACTION
control field 20211208233447.0
008 - FIXED-LENGTH DATA ELEMENTS--GENERAL INFORMATION
fixed length control field 131210s1963 enk b 001 0 eng d
035 ## - SYSTEM CONTROL NUMBER
System control number (BD-RjUL)2018
-- CURL 05UE00017374(Lon) from rgc091
040 ## - CATALOGING SOURCE
Original cataloging agency BD-RjUL
Language of cataloging eng
Transcribing agency BD-RjUL
Modifying agency BD-RjUL
041 ## - LANGUAGE CODE
Language code of text/sound track or separate title eng
082 04 - DEWEY DECIMAL CLASSIFICATION NUMBER
Edition number 21
Classification number 320.954
Author mark and year POL 1963
245 00 - TITLE STATEMENT
Title Politics and society in India /
Statement of responsibility, etc. edited by C.H. Philips.
260 ## - PUBLICATION, DISTRIBUTION, ETC. (IMPRINT)
Place of publication, distribution, etc. London :
Name of publisher, distributor, etc. George Allen & Unwin,
Date of publication, distribution, etc. c1963
300 ## - PHYSICAL DESCRIPTION
Pagination 190 p. ;
Size 23 cm.
490 1# - SERIES STATEMENT
Series statement Studies on modern Asia and Africa ;
Volume/sequential designation no. 1
504 ## - BIBLIOGRAPHY, ETC. NOTE
Bibliography, etc Includes bibliographical references and index.
651 #0 - SUBJECT ADDED ENTRY--GEOGRAPHIC NAME
Geographic name India
General subdivision Politics and government
Chronological subdivision 1947-
9 (RLIN) 6098
700 1# - ADDED ENTRY--PERSONAL NAME
Personal name Philips, C. H.
Fuller form of name (Cyril Henry),
Dates associated with a name 1912-2005.
830 #0 - SERIES ADDED ENTRY--UNIFORM TITLE
Volume number/sequential designation 1
830 #0 - SERIES ADDED ENTRY--UNIFORM TITLE
Uniform title Studies on modern Asia and Africa ;
942 ## - ADDED ENTRY ELEMENTS (KOHA)
Source of classification or shelving scheme Dewey Decimal Classification
Koha item type Books
Holdings
Lost status Source of classification or shelving scheme Damaged status Not for loan Collection code Permanent Location Current Location Shelving location Date acquired Source of acquisition Cost, normal purchase price Total Checkouts Full call number Date last seen Copy number Koha item type
  Dewey Decimal Classification     Non-fiction Central Library, University of Rajshahi Central Library, University of Rajshahi   27/12/1968 Mollick Brothers 18.75   320.954 POL 1963 10/12/2013 C-3 Books
  Dewey Decimal Classification   Added to bundle Non-fiction Central Library, University of Rajshahi Central Library, University of Rajshahi Reading Room 10/07/1963 Allies Books 18.75   320.954 POL 1963 19/03/2014 C-1 Books
  Dewey Decimal Classification     Non-fiction Central Library, University of Rajshahi Central Library, University of Rajshahi   24/05/1965 Zeitlinger 29.00   320.954 POL 1963 17/06/2014 C-2 Books
  Dewey Decimal Classification     Non-fiction Central Library, University of Rajshahi Central Library, University of Rajshahi   27/12/1966 Mollick brather, Dhaka 18.75   320.954 POL 1963 17/06/2014 C-4 Books
  Dewey Decimal Classification     Non-fiction Central Library, University of Rajshahi Central Library, University of Rajshahi   04/07/1968 Sweets & Zeitlinger 0.00   320.954 POL 1963 17/06/2014 C-5 Books
  Dewey Decimal Classification     Non-fiction Central Library, University of Rajshahi Central Library, University of Rajshahi   04/07/1968 Sweets & Zeitlinger 25.00   320.954 POL 1963 17/06/2014 C-6 Books
  Dewey Decimal Classification     Non-fiction Central Library, University of Rajshahi Central Library, University of Rajshahi   19/11/1964 Mirga Book Agency 18.75   320.954 POL 1963 17/06/2014 C-7 Books